Top 100 Soccer Players 2018 - Statistics

General Stats
  • This quiz has been taken 263 times
  • The average score is 60 of 100
Answer Stats
Hint Answer % Correct
2 Juventus Cristiano Ronaldo
100%
3 Barcelona Lionel Messi
100%
5 Liverpool Mohammed Salah
98%
1 Real Madrid Luka Modric
97%
4 PSG Kylian Mbappe
96%
11 PSG Neymar
96%
9 Spurs Harry Kane
95%
6 Atletico Antoine Griezmann
94%
17 Real Madrid Sergio Ramos
92%
8 ManCity Kevin de Bruyne
91%
7 Chelsea Eden Hazard
88%
10 Chelsea N´Golo Kante
88%
19 Liverpool Sadio Mané
87%
48 Real Madrid Karim Benzema
86%
14 Barcelona Luis Suarez
86%
15 ManCity Sergio Agüero
86%
16 ManU Paul Pogba
85%
22 Real Madrid Toni Kroos
85%
38 Real Madrid Gareth Bale
84%
78 Spurs Son Heung-min
83%
18 Real Madrid Marcelo
80%
12 Real Madrid Raphaël Varane
80%
24 Liverpool Virgil van Dijk
80%
30 Bayern Robert Lewandowski
79%
74 PSG Thiago Silva
78%
37 Atletico Thibaut Courtois
78%
68 ManCity Bernardo Silva
77%
20 ManCity David Silva
77%
45 Spurs Dele Alli
77%
83 Barcelona Gerard Piqué
77%
23 Liverpool Roberto Firmino
77%
41 ManU Romelu Lukaku
77%
42 Real Madrid Casemiro
74%
21 PSG Edinson Cavani
74%
26 Juventus Paulo Dybala
73%
64 Barcelona Jordi Alba
72%
27 Atletico Jan Oblak
70%
31 ManCity Raheem Sterling
70%
50 Barcelona Sergio Busquets
70%
44 Barcelona Marc-André ter Stegen
69%
13 Barcelona Ivan Rakitic
68%
47 Dortmund Marco Reus
68%
39 ManU David de Gea
67%
40 Spurs Hugo Lloris
65%
55 Arsenal Pierre-Emerick Aubameyang
65%
59 ManCity Ederson
64%
92 Ajax Frenkie de Jong
64%
57 ManCity Leroy Sané
64%
43 Roma Alisson
63%
46 Napoli Dries Mertens
62%
66 Real Madrid Keylor Navas
62%
25 Barcelona Philippe Coutinho
62%
34 Atletico Diego Godín
60%
49 Juve Giorgio Chiellini
60%
58 Napoli Lorenzo Insigne
60%
28 Real Madrid Isco
59%
76 Juventus Leonardo Bonucci
59%
73 Lazio Ciro Immobile
56%
88 Atletico Diego Costa
55%
60 PSG Gianluigi Buffon
55%
90 Milan Gonzalo Higuaín
55%
67 Bayern Joshua Kimmich
55%
80 Spurs Kyle Walker
54%
35 Barcelona Samuel Umtiti
53%
36 Spurs Christian Eriksen
52%
89 Ajax Matthijs de Ligt
50%
32 Internazionale Mauro Icardi
50%
99 Arsenal Mesut Özil
49%
54 Roma Edin Dzeko
47%
56 Napoli Kalidou Koulibaly
45%
84 Lyon Memphis Depay
45%
62 Real Madrid Marco Asensio
43%
71 Stuttgart Benjamin Pavard
41%
53 Juventus Blaise Matuidi
41%
94 River Plate Gonzalo Martínez
41%
63 ManCity Fernandinho
40%
29 Internazionale Ivan Perisic
40%
70 Bayern James Rodríguez
39%
51 Juventus Miralem Pjanic
38%
97 Arsenal Olivier Giroud
38%
33 Bayern Mario Mandzukic
37%
86 ManCity John Stones
36%
100 Atletico José María Giménez
35%
81 ManCity Gabriel Jesus
34%
79 Leicester Harry Maguire
34%
69 Atletico Lucas Hernández
33%
65 Everton Jordan Pickford
30%
95 Lyon Nabil Fékir
28%
52 Napoli Jorginho
26%
91 Chelsea Willian
25%
98 PSV Hirving Lozano
23%
82 Liverpool James Milner
23%
72 Spurs Kieran Trippier
23%
85 Frankfurt Ante Rebic
20%
61 Atletico Saúl Ñíguez
16%
77 Chelsea Marcos Alonso
15%
96 Dortmund Axel Witsel
12%
75 PSG Thomas Meunier
11%
93 Arsenal Lucas Torreira
5%
87 Valencia Denis Cheryshev
4%
No matching quizzes found
Score Distribution
Percent of People with Each Score
Percentile by Number Answered
Your Score History
You have not taken this quiz